banner koha

Alterações citológicas do sangue periférico e da medula óssea de cães com cinomose (Registro n. 228663)

MARC details
000 -LÍDER
campo de controle de tamanho fixo 01171nas a2200373 4500
001 - NÚMERO DE CONTROLE
campo de controle BR2013004556
003 - IDENTIFICADOR DO NÚMERO DE CONTROLE
campo de controle BR-BrBNA
005 - DATA E HORÁRIO DA ÚLTIMA TRANSAÇÃO
campo de controle 20231205122435.0
007 - CAMPO FIXO DE DESCRIÇÃO FÍSICA--INFORMAÇÃO GERAL
campo de controle de tamanho fixo ta
008 - CAMPO DE DADOS FIXOS--INFORMAÇÃO GERAL
campo de controle de tamanho fixo 230509b bl.|||p| |||| 00| 00por d
040 ## - FONTE DA CATALOGAÇÃO
Instituição da catalogação original BR-BrBNA
Idioma da catalogação por
Instituição que transcreveu o registro Biblioteca Nacional de Agricultura
041 ## - CÓDIGO DE IDIOMA
Código do idioma do texto/trilha sonora ou título diferente (Pt)
072 ## - CÓDIGO DE CATEGORIA DE ASSUNTO
Código de Categoria de Assunto L50; L73
100 1# - ENTRADA PRINCIPAL--NOME PESSOAL
Nome pessoal Almeida, R.K.
100 1# - ENTRADA PRINCIPAL--NOME PESSOAL
Nome pessoal Vasconcelos, A.C.
100 1# - ENTRADA PRINCIPAL--NOME PESSOAL
Nome pessoal Carneiro, R.A.
100 1# - ENTRADA PRINCIPAL--NOME PESSOAL
Nome pessoal Paes, P.R.O.
100 1# - ENTRADA PRINCIPAL--NOME PESSOAL
Nome pessoal Moro, L.
100 1# - ENTRADA PRINCIPAL--NOME PESSOAL
Nome pessoal <br/>
100 1# - ENTRADA PRINCIPAL--NOME PESSOAL
Nome pessoal <br/>
100 1# - ENTRADA PRINCIPAL--NOME PESSOAL
Nome pessoal <br/>
245 1# - TÍTULO
Título Alterações citológicas do sangue periférico e da medula óssea de cães com cinomose
246 1# - FORMA VARIANTE DO TÍTULO
Título/título abreviado Cytological alterations of the bone marrow and peripheral blood of dogs with canine distemper
650 ## - ASSUNTO--TERMO TÓPICO
Cabeçalho tópico ou nome geográfico CÃO
650 ## - ASSUNTO--TERMO TÓPICO
Cabeçalho tópico ou nome geográfico CITOLOGIA
650 ## - ASSUNTO--TERMO TÓPICO
Cabeçalho tópico ou nome geográfico SANGUE
650 ## - ASSUNTO--TERMO TÓPICO
Cabeçalho tópico ou nome geográfico MEDULA ÓSSEA
650 ## - ASSUNTO--TERMO TÓPICO
Cabeçalho tópico ou nome geográfico DOENÇA ANIMAL
650 ## - ASSUNTO--TERMO TÓPICO
Cabeçalho tópico ou nome geográfico CINOMOSE
773 0# - ENTRADA ANALÍTICA
Título Arquivo Brasileiro de Medicina Veterinária e Zootecnia (Brazil)
ISSN - International Standard Serial Number ISSN 0102-0935
Partes relacionadas (Dec 2009), v. 61(6) p. 1255-1260
Número de controle do registro BR2013004556
856 40 - LOCALIZAÇÃO ELETRÔNICA E ACESSO
Uniform Resource Identifier <a href="http://www.scielo.br/pdf/abmvz/v61n6/v61n6a01.pdf">http://www.scielo.br/pdf/abmvz/v61n6/v61n6a01.pdf</a>
909 ## -
-- 202311
-- Lúcia
-- 55
-- Lúcia Elande
942 ## - ELEMENTOS DE ENTRADA ADICIONADOS (KOHA)
Fonte da classificação ou esquema de arquivamento na estante Classificação AGRIS
Ocultar no OPAC Não
Tipo de material Koha Analítica
Exemplares
Situação do descarte Fonte da classificação ou esquema de arquivamento na estante Situação física Não pode ser emprestado Biblioteca de origem Biblioteca atual Localização na estante Enumeração do periódico / cronologia Total de empréstimos Data de último acesso Número do exemplar Tipo de material Koha Fonte de aquisição
  Classificação AGRIS   Consulta local Biblioteca Nacional de Agricultura - Binagri Biblioteca Nacional de Agricultura - Binagri   (Dec 2009), v. 61(6) p. 1255-1260   29/11/2023 01 Periódicos Portaria Interministerial nº 164/94

BINAGRI

Telefone: (61)3218-2567/2388/3357/2097 - binagri@agro.gov.br

Ministério da Agricultura e Pecuária , Esplanada dos Ministérios, Bloco D, Anexo B, Brasília/DF, CEP: 70.043-900